|
|
|
|
| LEADER |
01078cam a2200277 7i4500 |
| 001 |
0000006452 |
| 005 |
20220215090000.0 |
| 008 |
220215t19851985ii a ### #00001eng## |
| 020 |
# |
# |
|a 8120500067
|
| 040 |
# |
# |
|a UMT
|
| 090 |
0 |
0 |
|a SH 344.23 .E3
|b A94 1985
|
| 100 |
1 |
# |
|a Averkiev, V. P. (Vladimir Pavlovich)
|e author
|
| 245 |
1 |
0 |
|a Shipboard fish scouting and electronavigational equipment
|c V. P. Averkiev.
|
| 250 |
# |
# |
|a Second revised and Enlarged edition.
|
| 264 |
# |
4 |
|c ♭1985.
|
| 264 |
# |
1 |
|a New Delhi, India:
|b Amerind Pub. Co. Pvt. Ltd.,
|c 1985.
|
| 300 |
# |
# |
|a xvii, 468 pages, [5] folded p. of plates:
|b illustration;
|c 25 cm..
|
| 336 |
# |
# |
|a text
|2 rdacontent
|
| 337 |
# |
# |
|a unmediated
|2 rdamedia
|
| 338 |
# |
# |
|a volume
|2 rdacarrier
|
| 500 |
# |
# |
|a Translation of: Sudovye rybopoiskovye i electronavigatsionnye pribory
|
| 504 |
# |
# |
|a Includes bibliographical references and index
|
| 590 |
# |
# |
|a Perpustakaan Sultanah Nur Zahirah
|
| 650 |
0 |
0 |
|a Echo sounding in fishing
|
| 650 |
0 |
0 |
|a Fishing boats --
|x Electronic equipment
|
| 999 |
|
|
|a 1000395252
|b Book
|c Koleksi Maritim
|e KOLEKSI MARITIM
|